000 00751nam a2200217Ii 4500
003 JO-AjNU
008 230605s9999||||xx |||||||||||||| ||und||
017 _a1988/8390
020 _a977-01-2019-7
040 _aJO-AjNU
_bara
_erda
_cJO-AjNU
041 _aara
050 1 4 _aPJ7553.D3764 1989
100 3 _aدرويش،العربي حسن,
_eauthor
_98217
245 0 0 _aالشعراء المحدثون في العصر العباسي
264 3 1 _aالقاهرة:الهيئة المصرية العامة للكتاب،1989
300 _a335ص
336 _atext
_btxt
_2rdacontent
337 _aunmediated
_bn
_2rdamedia
338 _avolume
_bnc
_2rdacarrier
650 4 _aالعصر العباسي-الشعر العربي- تاريخ و نقد
_98218
999 _aA676
_c4244
_d4244